[Event "Mistrzostwa Polski Juniorow do lat 16 - Chlopcy"]
[Site "Ustron – Jaszowiec"]
[Date "1899-12-30"]
[Round "1.1"]
[White "Hrymowicz, Artur"]
[Black "Gumularz, Szymon"]
[Result "0-1"]
[WhiteTitle "I+"]
[BlackTitle "I++"]
[WhiteElo "1982"]
[BlackElo "2394"]

1. e4 c5 2. Nf3 e6 3. c4 Nc6 4. Nc3 e5 5. d3 d6 6. h3 g6 7. Be2 Bg7 8. O-O Nge7
9. Nd5 O-O 10. a3 h6 11. Bd2 f5 12. b4 b6 13. b5 Nxd5 14. cxd5 Ne7 15. Bc3 g5
16. Nd2 Ng6 17. Nc4 Nf4 18. a4 a5 19. bxa6 Rxa6 20. Qd2 g4 21. h4 h5 22. g3 Nh3+
23. Kg2 f4 24. f3 fxg3 25. Kxg3 Rf4 26. fxg4 Bxg4 27. Kg2 Qxh4 28. Bxg4 Rxg4+
0-1

[Event "Mistrzostwa Polski Juniorow do lat 16 - Chlopcy"]
[Site "Ustron – Jaszowiec"]
[Date "1899-12-30"]
[Round "1.2"]
[White "Kosakowski, Jakub"]
[Black "Wyczling, Bartosz"]
[Result "1-0"]
[WhiteTitle "k+"]
[BlackTitle "I+"]
[WhiteElo "2376"]
[BlackElo "1963"]

1. e4 c5 2. Nf3 g6 3. d4 cxd4 4. Nxd4 Nc6 5. c4 Nf6 6. Nc3 Nxd4 7. Qxd4 d6 8. Be3
Bg7 9. f3 O-O 10. Qd2 Be6 11. Rc1 Qa5 12. Be2 Rfc8 13. b3 a6 14. Na4 Qxd2+ 15.
Kxd2 Nd7 16. f4 Rab8 17. Nc3 Nc5 18. Bf3 b5 19. Nd5 Kf8 20. b4 Na4 21. c5 dxc5
22. Bxc5 Nxc5 23. bxc5 Rc6 24. Nb4 Rd8+ 25. Ke2 Rcc8 26. Nd5 Bd4 27. c6 Rd6 28.
Rhd1 Ba7 29. c7 Rd7 30. Rc6 Bxd5 31. Rxd5 Rcxc7 32. Rxd7 Rxd7 33. Rxa6 b4 34.
f5 gxf5 35. exf5 Bc5 36. f6 exf6 37. Rxf6 Kg7 38. Rf5 Be7 39. Bd5 Bf8 40. Kf3
h6 41. Bb3 Rc7 42. Ke4 Re7+ 43. Kd4 Rd7+ 44. Bd5 Rc7 45. Rf4 Bd6 46. Rg4+ Kf6
47. h3 Be5+ 48. Ke4 Bd6 49. Rg8 Re7+ 50. Kd3 Ke5 51. Bb3 Kf6 52. Kc4 Rc7+ 53.
Kd5 Be7 54. g4 Rd7+ 55. Kc4 Ke5 56. Rh8 f5 57. gxf5 Rd4+ 58. Kb5 Rh4 59. Rh7 Bd6
60. Rd7 Rxh3 61. f6 Rf3 62. f7 h5 63. Kc6 Rf6 64. Kb5 h4 65. Rd8 Be7 66. Rh8 Rf5
67. Kc6 Kf4 68. Re8 Bc5 69. Bd5 b3 70. Kxc5 bxa2 71. f8=Q a1=Q 72. Re4+ Kg5 73.
Qg8+ Kh6 74. Rxh4+ Rh5 75. Qf8+ Kg5 76. Qf4+ Kg6 77. Qf7+ 1-0

[Event "Mistrzostwa Polski Juniorow do lat 16 - Chlopcy"]
[Site "Ustron – Jaszowiec"]
[Date "1899-12-30"]
[Round "1.3"]
[White "Laszczak, Przemyslaw"]
[Black "Pacan-milej, Kosma"]
[Result "0-1"]
[WhiteTitle "I+"]
[BlackTitle "FM"]
[WhiteElo "1944"]
[BlackElo "2303"]

1. d4 Nf6 2. Nf3 e6 3. e3 c5 4. Bd3 cxd4 5. exd4 b6 6. b3 Bb7 7. Nbd2 Nd5 8. c4
Nf4 9. Bf1 Bb4 10. g3 Bc3 11. Rb1 Be4 12. Ra1 Nd3+ 13. Ke2 Bg6 14. Nh4 Bxa1 15.
Nxg6 Nxf2 16. Kxf2 Bxd4+ 17. Ke2 hxg6 18. Ba3 Qg5 19. Qb1 Qe3+ 20. Kd1 Bc3 0-1

[Event "Mistrzostwa Polski Juniorow do lat 16 - Chlopcy"]
[Site "Ustron – Jaszowiec"]
[Date "1899-12-30"]
[Round "1.4"]
[White "Pultorak, Jan"]
[Black "Pytel, Maciej"]
[Result "1-0"]
[WhiteTitle "FM"]
[BlackTitle "I"]
[WhiteElo "2302"]
[BlackElo "1905"]

1. d4 Nf6 2. c4 e6 3. Nc3 Bb4 4. Qc2 b6 5. e4 Bxc3+ 6. bxc3 d6 7. Bd3 Nbd7 8. Ne2
Bb7 9. f4 e5 10. O-O Qe7 11. Ng3 g6 12. a4 Ng4 13. h3 Qh4 14. Rf3 f5 15. Bd2 O-O
16. Be1 Qh6 17. hxg4 fxg4 18. Rf1 exf4 19. Qd2 g5 20. Qe2 fxg3 21. Bxg3 Rae8 22.
Rxf8+ Qxf8 23. Qxg4 Qg7 24. Re1 Nf6 25. Qf5 Bc8 26. Qb5 Bd7 27. Qb3 Nh5 28. Bf2
c5 29. a5 g4 30. axb6 g3 31. Be3 axb6 32. Qxb6 Qf6 33. Qb7 Be6 34. e5 Qf7 35.
Qxf7+ Bxf7 36. exd6 cxd4 37. cxd4 Nf6 38. Bd2 Rd8 39. c5 Bd5 40. Bg5 1-0

[Event "Mistrzostwa Polski Juniorow do lat 16 - Chlopcy"]
[Site "Ustron – Jaszowiec"]
[Date "1899-12-30"]
[Round "1.5"]
[White "Polczyk, Mikolaj"]
[Black "Chylewski, Patryk"]
[Result "0-1"]
[WhiteTitle "I"]
[BlackTitle "k++"]
[WhiteElo "1889"]
[BlackElo "2293"]

1. e4 c5 2. c3 d5 3. exd5 Qxd5 4. d4 Nc6 5. Nf3 Bg4 6. Be2 cxd4 7. cxd4 e6 8. Nc3
Qa5 9. h3 Bh5 10. d5 exd5 11. Nd4 Bxe2 12. Qxe2+ Be7 13. Nxc6 bxc6 14. O-O Kf8
15. Re1 Re8 16. Bd2 Qd8 17. Qa6 Qb6 18. Qd3 Nf6 19. Be3 Qb7 20. Bd4 Nd7 21. Qg3
f6 22. Be3 Kf7 23. Bf4 Bc5 24. Qg4 g6 25. Qg3 Bd4 26. Qd3 Be5 27. Be3 Bd6 28.
b3 Re7 29. Re2 Rhe8 30. Rae1 Bb4 31. Kf1 Ne5 32. Qd4 Kg7 33. Bf4 c5 34. Qe3 d4
35. Bh6+ Kf7 36. Qf4 Bxc3 37. Bg5 Qa6 38. Qh4 fxg5 39. Qxh7+ Kf6 0-1

[Event "Mistrzostwa Polski Juniorow do lat 16 - Chlopcy"]
[Site "Ustron – Jaszowiec"]
[Date "1899-12-30"]
[Round "1.6"]
[White "Nowak, Mikolaj"]
[Black "Tustanowski, Mateusz"]
[Result "1-0"]
[WhiteTitle "I++"]
[BlackTitle "I++"]
[WhiteElo "2240"]
[BlackElo "1880"]

1. d4 d5 2. c4 e6 3. Nc3 Nf6 4. Bg5 Be7 5. cxd5 exd5 6. e3 c6 7. Qc2 Ne4 8. Bxe7
Qxe7 9. Nxd5 cxd5 10. Qxc8+ Qd8 11. Bb5+ Nc6 12. Bxc6+ bxc6 13. Qxc6+ Kf8 14.
Ne2 g6 15. Nc3 Nxc3 16. Qxc3 Rc8 17. Qa3+ Kg7 18. O-O h5 19. Rac1 Rb8 20. b3 h4
21. h3 g5 22. Qxa7 Qf6 23. Qd7 Rhd8 24. Qg4 Re8 25. Qf3 Qe6 26. Rc5 Rbd8 27. Rfc1
Rd6 28. a4 Rb8 29. R1c3 Kg6 30. Qe2 f5 31. Qc2 Kh5 32. Rc6 Rxb3 33. Rxd6 Rxc3
34. Qd1+ 1-0

[Event "Mistrzostwa Polski Juniorow do lat 16 - Chlopcy"]
[Site "Ustron – Jaszowiec"]
[Date "1899-12-30"]
[Round "1.7"]
[White "Ochowicz, Jakub"]
[Black "Szpar, Milosz"]
[Result "0-1"]
[WhiteTitle "I++"]
[BlackTitle "k"]
[WhiteElo "1874"]
[BlackElo "2237"]

1. e4 e5 2. Nf3 Nc6 3. Bb5 Nf6 4. Bxc6 dxc6 5. d3 Nd7 6. Nbd2 Be7 7. Nf1 O-O 8.
Ng3 Re8 9. O-O Bf6 10. Be3 Nf8 11. h3 b6 12. Nh2 Ng6 13. Qe2 Bg5 14. Qh5 Nf4 15.
Bxf4 Bxf4 16. Ne2 g6 17. Qf3 Bh6 18. Qg3 Qg5 19. Ng4 Bg7 20. Ne3 Qxg3 21. Nxg3
a5 22. a4 Be6 23. b3 Rad8 24. Rfd1 Rd7 25. Kf1 Red8 26. Ke2 f6 27. Ke1 Bf8 28.
Ne2 Bb4+ 29. Kf1 Bc5 30. Nc4 Kg7 31. Rab1 Bb4 32. Ra1 Bxc4 33. bxc4 f5 34. Ng3
Kf6 35. f3 f4 36. Ne2 Bc5 37. Nc1 g5 38. c3 Be3 39. Ke2 h5 40. Nb3 Ke6 41. Rab1
g4 42. fxg4 hxg4 43. hxg4 Rg7 44. g3 Rxg4 45. gxf4 exf4 46. d4 Rg2+ 47. Kd3 Rg3
48. Ke2 Rdg8 49. Rh1 Bg1 50. Rh6+ Kd7 51. Rf1 Rxc3 52. Rxf4 Rxb3 53. Rf7+ Kc8
54. Rxc6 Rb2+ 55. Ke1 0-1

[Event "Mistrzostwa Polski Juniorow do lat 16 - Chlopcy"]
[Site "Ustron – Jaszowiec"]
[Date "1899-12-30"]
[Round "1.8"]
[White "Woloch, Oskar"]
[Black "Namyslak, Piotr"]
[Result "1-0"]
[WhiteTitle "k"]
[BlackTitle "I"]
[WhiteElo "2235"]
[BlackElo "1866"]

1. d4 Nf6 2. Nc3 g6 3. Bf4 Bg7 4. Qd2 d6 5. Bh6 O-O 6. Bxg7 Kxg7 7. O-O-O c6 8.
f3 h5 9. e4 b5 10. g3 Nbd7 11. e5 Nh7 12. exd6 exd6 13. d5 b4 14. Ne4 c5 15. Nxd6
Qa5 16. Kb1 Nb6 17. Nc4 Qa4 18. b3 Qd7 19. Ne3 Bb7 20. c4 a5 21. Ne2 a4 22. Nc1
axb3 23. axb3 Rfe8 24. Bd3 Qe7 25. Qb2+ Qe5 26. Rhe1 f6 27. Qxe5 Rxe5 28. f4 Ree8
29. Ng2 f5 30. Nh4 Nf6 31. Nf3 Nbd7 32. Ng5 Nf8 33. h3 Rxe1 34. Rxe1 Re8 35. Re5
Bc8 36. Bc2 N8h7 37. Rxe8 Nxe8 38. Nd3 Nxg5 39. fxg5 Nd6 40. Nxc5 f4 41. gxf4
Bxh3 42. Kc1 Bf5 43. Bxf5 Nxf5 44. Kd2 Kf7 45. Ke2 Ke7 46. Kf3 Kd6 47. Nd3 Nd4+
48. Ke3 Nxb3 49. Nxb4 Na5 50. c5+ Kxc5 51. f5 Nc4+ 52. Kf4 Nd6 53. fxg6 Ne8 54.
Ke5 Kxb4 55. d6 Nxd6 56. Kxd6 h4 57. g7 h3 58. g8=Q h2 59. Qh8 1-0

[Event "Mistrzostwa Polski Juniorow do lat 16 - Chlopcy"]
[Site "Ustron – Jaszowiec"]
[Date "1899-12-30"]
[Round "1.9"]
[White "Filewicz, Radoslaw"]
[Black "Kowalski, Igor"]
[Result "0-1"]
[WhiteTitle "I"]
[BlackTitle "k+"]
[WhiteElo "1850"]
[BlackElo "2231"]

1. d4 Nf6 2. Nf3 d5 3. e3 c6 4. Bd3 Bg4 5. Nbd2 e6 6. O-O Bd6 7. c4 Nbd7 8. b3
O-O 9. Bb2 Qe7 10. Rc1 e5 11. dxe5 Nxe5 12. Be2 Bxf3 13. Nxf3 dxc4 14. Nxe5 Bxe5
15. Bxe5 Qxe5 16. Bxc4 Rad8 17. Qc2 Rd6 18. Rfd1 Rfd8 19. h3 g6 20. Be2 Nd5 21.
Qc5 b6 22. Qc4 Kg7 23. Bf3 Ne7 24. Rxd6 Rxd6 25. Qc2 a5 26. g3 Nd5 27. Bxd5 Qxd5
28. Qc3+ Rf6 29. Rf1 h5 30. h4 c5 31. Re1 Qf3 32. Rf1 Qe2 33. a4 Qf3 34. Qe5 Kh7
35. Qc3 Rd6 36. Re1 Qe4 37. Rc1 Rd3 38. Qf6 Qe6 39. Qxe6 fxe6 40. Rb1 e5 41. Kf1
Rd2 42. Ke1 Ra2 43. e4 Kg7 44. Rd1 Rb2 45. Rd3 Kf7 46. Kf1 Ke6 47. Rc3 Kd6 48.
Kg1 Re2 49. Rc4 Rd2 50. Rc3 Rd4 51. f3 Kc6 52. Kg2 b5 53. axb5+ Kxb5 54. Re3 Rd2+
55. Kh3 Kb4 56. f4 c4 57. bxc4 a4 58. fxe5 a3 59. e6 a2 60. Re1 Rd6 61. e5 Rxe6
62. g4 Rxe5 0-1

[Event "Mistrzostwa Polski Juniorow do lat 16 - Chlopcy"]
[Site "Ustron – Jaszowiec"]
[Date "1899-12-30"]
[Round "1.10"]
[White "Psyk, Radoslaw"]
[Black "Mietkiewicz, Jacek"]
[Result "1-0"]
[WhiteTitle "k"]
[BlackTitle "I"]
[WhiteElo "2160"]
[BlackElo "1845"]

1. e4 e6 2. d4 d5 3. Nd2 c5 4. exd5 exd5 5. Ngf3 Nf6 6. Bb5+ Bd7 7. Bxd7+ Nbxd7
8. O-O Be7 9. dxc5 Nxc5 10. Nb3 Nxb3 11. axb3 Qc7 12. Re1 O-O 13. Bf4 Bd6 14.
Bg5 Ne4 15. Bh4 Rfe8 16. Qxd5 Qxc2 17. Rxe4 Rxe4 18. Qxd6 Qxb2 19. Qd1 Rae8 20.
h3 a6 21. Rc1 Rb4 22. Rb1 Qa2 23. Bg5 h6 24. Bd2 Rd8 25. Kh2 Rb5 26. Qe1 Rxb3
27. Ra1 Qb2 28. Bf4 Qf6 29. Be5 Qe7 30. Nd4 Rd3 31. Nf5 Qe6 32. Nxg7 Qg6 33. Ra4
Rd1 34. Qe2 R8d2 35. Qf3 Rd3 36. Qxb7 Qg5 37. Qb8+ Kh7 38. Rg4 Qc1 39. Qh8+ Kxh8
40. Ne6+ Kh7 41. Nf8# 1-0

[Event "Mistrzostwa Polski Juniorow do lat 16 - Chlopcy"]
[Site "Ustron – Jaszowiec"]
[Date "1899-12-30"]
[Round "1.11"]
[White "Marczak, Szymon"]
[Black "Sernecki, Franciszek"]
[Result "1/2-1/2"]
[WhiteTitle "I"]
[BlackTitle "I"]
[WhiteElo "1839"]
[BlackElo "2151"]

1. e4 d6 2. d4 Nf6 3. Nc3 c6 4. f4 Qa5 5. Bd2 e5 6. dxe5 dxe5 7. fxe5 Ng4 8. Be2
Nxe5 9. Nf3 Nbd7 10. a3 Qb6 11. Na4 Qc7 12. Be3 Nxf3+ 13. gxf3 Be7 14. Qd2 Bh4+
15. Bf2 Bxf2+ 16. Kxf2 b5 17. Nc3 Bb7 18. Rad1 O-O-O 19. Qd6 Qb6+ 20. Qd4 Nc5
21. Qe3 Ne6 22. Qxb6 axb6 23. Ke3 g5 24. h4 Rxd1 25. Bxd1 f6 26. Be2 h5 27. Bf1
Nf4 28. Ne2 Nxe2 29. Kxe2 c5 30. Ke3 Bc6 31. Bh3+ Bd7 32. Bxd7+ Kxd7 33. hxg5
fxg5 34. Rg1 Rg8 35. Rh1 Rh8 36. Rg1 Rg8 37. Rh1 h4 38. f4 gxf4+ 39. Kxf4 Rf8+
40. Ke5 Rh8 41. Rh3 Ke7 42. Kd5 Rh6 43. Ke5 1/2-1/2

[Event "Mistrzostwa Polski Juniorow do lat 16 - Chlopcy"]
[Site "Ustron – Jaszowiec"]
[Date "1899-12-30"]
[Round "1.12"]
[White "Kozak, Antoni"]
[Black "Wierzbicki, Michal"]
[Result "1-0"]
[WhiteTitle "k"]
[BlackTitle "I"]
[WhiteElo "2127"]
[BlackElo "1828"]

1. e4 e6 2. d4 d5 3. Nc3 Nf6 4. Bg5 Be7 5. e5 Nfd7 6. h4 h6 7. Bxe7 Qxe7 8. f4
a6 9. Qg4 Kf8 10. Bd3 c5 11. dxc5 Nc6 12. O-O-O Nxc5 13. Rh3 b5 14. Rg3 Nxd3+
15. Rgxd3 b4 16. Nce2 a5 17. Kb1 h5 18. Qh3 Ba6 19. Rg3 Bxe2 20. Nxe2 g6 21. Rg5
a4 22. Nc1 Na5 23. g4 hxg4 24. Qxg4 Nc4 25. Rd3 Qc5 26. h5 Rc8 27. Qe2 gxh5 28.
f5 Nxe5 29. Rh3 f6 30. Rgxh5 Rxh5 31. Rxh5 exf5 32. Rxf5 Kg7 33. Rf2 Rf8 34. Rh2
Kf7 35. Qa6 Qc6 36. Qa7+ Ke6 37. Ne2 Qd7 38. Nd4+ Ke7 39. Qc5+ Ke8 40. Qxb4 Rg8
41. Rh1 Qg4 42. Qxa4+ Kf7 43. a3 Rc8 44. Qa7+ Kg6 45. Qh7+ Kg5 46. Qh6# 1-0

[Event "Mistrzostwa Polski Juniorow do lat 16 - Chlopcy"]
[Site "Ustron – Jaszowiec"]
[Date "1899-12-30"]
[Round "1.13"]
[White "Jarzebowski, Kacper"]
[Black "Lukasiewicz, Krzysztof"]
[Result "1/2-1/2"]
[WhiteTitle "I++"]
[BlackTitle "k"]
[WhiteElo "1820"]
[BlackElo "2123"]

1. d4 d5 2. Nf3 Nf6 3. c4 e6 4. g3 dxc4 5. Qa4+ Bd7 6. Qxc4 c5 7. dxc5 Qc8 8. Bg2
Qxc5 9. Qxc5 Bxc5 10. Nc3 Bc6 11. O-O O-O 12. a3 a6 13. b4 Be7 14. Rd1 Nbd7 15.
e4 Rfd8 16. Nd4 e5 17. Nf5 Bf8 18. Bb2 Nb6 19. Ne3 Ne8 20. Rxd8 Rxd8 21. Ncd5
Bxd5 22. exd5 f6 23. Rc1 g6 24. Rc2 Kf7 25. f4 exf4 26. Bd4 fxe3 27. Bxb6 e2 28.
Rxe2 Rc8 29. Bd4 Bd6 30. Bh3 f5 31. Bg2 Rc4 32. Bb2 Nc7 33. Bf1 b5 34. Rd2 Re4
35. Kf2 Ke8 36. Bg2 Re7 37. Bd4 Kd7 38. Rc2 Re8 39. Rc6 Ra8 40. Bc5 Ne8 41. Bf1
Rc8 42. Bxd6 Rxc6 43. dxc6+ Kxd6 44. Bg2 Nc7 45. Ke3 Ke5 46. h4 Ne6 47. Bf3 h6
48. Bg2 Kd6 49. Bh3 Kxc6 50. h5 gxh5 51. Bxf5 Kd5 52. Kd3 Ke5 53. Be4 Nc7 54.
Bg6 h4 1/2-1/2

[Event "Mistrzostwa Polski Juniorow do lat 16 - Chlopcy"]
[Site "Ustron – Jaszowiec"]
[Date "1899-12-30"]
[Round "1.14"]
[White "Raczynski, Krzysztof"]
[Black "Paliwoda, Borys"]
[Result "1-0"]
[WhiteTitle "k"]
[BlackTitle "II+"]
[WhiteElo "2116"]
[BlackElo "1819"]

1. e4 c5 2. Nf3 e6 3. d4 cxd4 4. Nxd4 a6 5. Bd3 Qc7 6. Qe2 d6 7. O-O Nf6 8. c4
Nbd7 9. Nc3 Ne5 10. Kh1 Bd7 11. Bd2 Be7 12. f4 Nxd3 13. Qxd3 O-O 14. Rae1 Rfd8
15. b3 Rac8 16. Rf3 Bf8 17. f5 Ng4 18. Rf4 Ne5 19. Qh3 exf5 20. exf5 Re8 21. Rh4
h6 22. Qg3 Kh7 23. Nd5 Qd8 24. Bg5 1-0

[Event "Mistrzostwa Polski Juniorow do lat 16 - Chlopcy"]
[Site "Ustron – Jaszowiec"]
[Date "1899-12-30"]
[Round "1.15"]
[White "Kawalko, Adam"]
[Black "Garbowski, Jakub"]
[Result "1-0"]
[WhiteTitle "I"]
[BlackTitle "k"]
[WhiteElo "1814"]
[BlackElo "2103"]

1. e4 c5 2. Nf3 e6 3. d4 cxd4 4. Nxd4 Nf6 5. Bd3 Nc6 6. Be3 Be7 7. O-O d6 8. c4
O-O 9. Nc3 a6 10. a3 Ne5 11. Be2 Qc7 12. Rc1 b6 13. f4 Ned7 14. b4 Bb7 15. Bd3
g6 16. Qe2 Rfe8 17. Nb3 Bf8 18. h3 Rac8 19. Qf2 Bg7 20. Nd2 Rb8 21. g4 Ba8 22.
Be2 Nf8 23. h4 N6d7 24. h5 Qd8 25. Bf3 f5 26. hxg6 hxg6 27. exf5 gxf5 28. gxf5
exf5 29. Bxa8 Rxa8 30. Nd5 Nh7 31. Bxb6 Nxb6 32. Nxb6 Rb8 33. Nd5 Re6 34. Rfe1
Rg6+ 35. Kf1 Rb7 36. Qe3 Qh4 37. Ke2 Nf8 38. Nf3 Qh3 39. Ng5 Qg2+ 40. Qf2 Qg4+
41. Kd3 Rxg5 42. fxg5 Ng6 43. Nf6+ Bxf6 44. gxf6 Kf7 45. Qd4 Nf4+ 46. Kc2 Rd7
47. Rf1 Qe2+ 48. Kb1 Ne6 49. Qd5 Qe3 50. Ka2 Qe5 51. Qxe5 dxe5 52. Rxf5 Rd2+ 53.
Kb1 e4 54. Re1 Rd4 55. Re5 Rxc4 56. R5xe4 Rc6 57. Rxe6 Rxe6 58. Rxe6 Kxe6 59.
Kb2 Kxf6 60. Kb3 Ke6 61. Ka4 Kd6 62. Ka5 Kc7 63. Kxa6 1-0

[Event "Mistrzostwa Polski Juniorow do lat 16 - Chlopcy"]
[Site "Ustron – Jaszowiec"]
[Date "1899-12-30"]
[Round "1.16"]
[White "Kokoszczynski, Jan"]
[Black "Posluszny, Tomasz"]
[Result "1-0"]
[WhiteTitle "k"]
[BlackTitle "I"]
[WhiteElo "2072"]
[BlackElo "1798"]

1. e4 c5 2. Nf3 e6 3. d4 cxd4 4. Nxd4 Nf6 5. Nc3 Nc6 6. Ndb5 Bb4 7. a3 Bxc3+ 8.
Nxc3 d5 9. exd5 exd5 10. Bd3 d4 11. Ne2 O-O 12. O-O Bg4 13. f3 Bh5 14. Nf4 Re8
15. Nxh5 Nxh5 16. f4 Nf6 17. Qf3 Nd5 18. Bd2 Ne3 19. Rfe1 Qb6 20. Kh1 Re7 21.
b4 Rae8 22. Re2 a6 23. Rae1 g6 24. c4 Kg7 25. g3 Re6 26. h3 Qc7 27. Kh2 Qe7 28.
Kg1 h5 29. Kf2 Qd8 30. Kg1 Qe7 31. Kh2 Qd8 32. Bxe3 dxe3 33. Rxe3 Nd4 34. Qf2
Rxe3 35. Rxe3 Rxe3 36. Qxe3 b6 37. Be4 Qd6 38. Bd5 Nf5 39. Qe5+ Qxe5 40. fxe5
f6 41. Bb7 a5 42. c5 axb4 43. cxb6 bxa3 44. Bd5 Ne7 45. b7 Nc6 46. Bxc6 a2 47.
exf6+ Kxf6 48. b8=Q a1=Q 1-0

[Event "Mistrzostwa Polski Juniorow do lat 16 - Chlopcy"]
[Site "Ustron – Jaszowiec"]
[Date "1899-12-30"]
[Round "1.17"]
[White "Radecki, Adam"]
[Black "Fus, Jakub"]
[Result "1-0"]
[WhiteTitle "I"]
[BlackTitle "I++"]
[WhiteElo "1712"]
[BlackElo "2054"]

1. e4 c5 2. Nf3 e6 3. d4 cxd4 4. Nxd4 a6 5. Nc3 b5 6. a4 b4 7. Na2 Bb7 8. f3 Qb6
9. c3 a5 10. Be3 Bc5 11. Qd2 Nc6 12. Be2 Nge7 13. Rd1 d5 14. Nc1 bxc3 15. bxc3
e5 16. Nc2 Rd8 17. Bxc5 Qxc5 18. Bb5 O-O 19. Qe3 d4 20. Nb3 Qxc3+ 21. Qxc3 dxc3
22. Ke2 Nb4 23. Nxb4 axb4 24. Rxd8 Rxd8 25. Rd1 Rxd1 26. Kxd1 f5 27. Nc5 Bc6 28.
Kc2 fxe4 29. fxe4 Kf7 30. Kb3 Kf6 31. Bd3 Ng6 32. g3 Ke7 33. Kxb4 Kd6 34. a5 Ne7
35. Nb3 Nc8 36. Kxc3 Na7 37. Nd2 Bb5 38. Bxb5 Nxb5+ 39. Kb4 Kc6 40. Nc4 Nc7 41.
Nxe5+ Kd6 42. Nd3 Kc6 43. Nc5 Kd6 44. a6 Ke5 45. a7 Kd6 46. Kc4 Kc6 47. Ne6 Na8
48. Nxg7 Nb6+ 49. Kd4 Kd6 50. Ne8+ Kd7 51. Nf6+ 1-0

[Event "Mistrzostwa Polski Juniorow do lat 16 - Chlopcy"]
[Site "Ustron – Jaszowiec"]
[Date "1899-12-30"]
[Round "1.18"]
[White "Godzwon, Iwo"]
[Black "Kukorowski, Jan"]
[Result "1-0"]
[WhiteTitle "k"]
[BlackTitle "I"]
[WhiteElo "2022"]
[BlackElo "1709"]

1. e4 e6 2. d4 d5 3. Nd2 c5 4. exd5 Qxd5 5. Ngf3 cxd4 6. Bc4 Qd6 7. O-O Nf6 8.
Nb3 Nc6 9. Nbxd4 Nxd4 10. Nxd4 Be7 11. c3 O-O 12. Qf3 Qc7 13. Bb3 Bd6 14. h3 Bd7
15. Bg5 Bh2+ 16. Kh1 Be5 17. Rad1 h6 18. Bc1 Rad8 19. Qe3 Bd6 20. Rfe1 Rfe8 21.
Qe2 Bc5 22. Be3 e5 23. Nc2 Bd6 24. Nb4 a6 25. Nd5 Nxd5 26. Bxd5 Bc6 27. Qg4 Kf8
28. Qf5 Bxd5 29. Rxd5 Re6 30. Red1 Rde8 31. Qh7 Rg6 32. Bc5 Ree6 33. Rxd6 Rxd6
34. Qxg6 1-0

[Event "Mistrzostwa Polski Juniorow do lat 16 - Chlopcy"]
[Site "Ustron – Jaszowiec"]
[Date "1899-12-30"]
[Round "1.19"]
[White "Sloniewski, Michal"]
[Black "Lis, Mateusz"]
[Result "0-1"]
[WhiteTitle "I"]
[BlackTitle "I+"]
[WhiteElo "1679"]
[BlackElo "2022"]

1. d4 Nf6 2. c4 d6 3. Nc3 Nbd7 4. e4 e5 5. d5 g6 6. f3 Bg7 7. Be3 Nh5 8. Nh3 O-O
9. Be2 a5 10. a3 b6 11. O-O h6 12. b4 f5 13. f4 Nxf4 14. Nxf4 exf4 15. Bd4 Ne5
16. Rxf4 axb4 17. axb4 Rxa1 18. Qxa1 Nf3+ 19. Rxf3 Bxd4+ 20. Kh1 fxe4 21. Rxf8+
Qxf8 22. Qe1 Bxc3 23. Qxc3 Qf2 24. Qg3 Qxg3 25. hxg3 Kg7 26. Kg1 Kf6 27. Kf2 Ke5
28. Ke3 b5 29. c5 dxc5 30. bxc5 Kxd5 31. Bxb5 Bb7 32. g4 Kxc5 33. Be8 g5 34. Bg6
Kb4 35. Bf7 c5 36. Ba2 c4 37. Kd2 c3+ 38. Kc2 Ba6 39. Bd5 Bd3+ 40. Kd1 e3 41.
Bf3 e2+ 0-1

[Event "Mistrzostwa Polski Juniorow do lat 16 - Chlopcy"]
[Site "Ustron – Jaszowiec"]
[Date "1899-12-30"]
[Round "1.20"]
[White "Brozyna, Mateusz"]
[Black "Dytman, Radoslaw"]
[Result "1-0"]
[WhiteTitle "I"]
[BlackTitle "I"]
[WhiteElo "2009"]
[BlackElo "1521"]

1. d4 Nf6 2. Nf3 g6 3. g3 Bg7 4. Bg2 d5 5. O-O O-O 6. Bf4 Nbd7 7. Na3 b6 8. c4
Bb7 9. Ne5 e6 10. Rc1 Rc8 11. c5 bxc5 12. dxc5 Nxe5 13. Bxe5 Bc6 14. Nc2 Nh5 15.
Bxg7 Nxg7 16. Nd4 Qd7 17. Qd2 Rb8 18. b3 Rfd8 19. Rfd1 Nf5 20. Nxf5 gxf5 21. Qg5+
Kh8 22. Qf6+ Kg8 23. Rd4 Re8 24. Qh6 Qe7 25. g4 f6 26. gxf5 exf5 27. Rc3 Kh8 28.
Rg3 Rg8 29. e3 Rxg3 30. hxg3 Rg8 31. Bxd5 Rg6 32. Qf4 Bxd5 33. Rxd5 Rg8 34. Qd4
Re8 35. Rxf5 Rf8 36. Rd5 Rf7 37. Rd8+ Kg7 38. Qg4+ Kh6 39. Rg8 Qe5 40. Qh4+ Qh5
41. Qf4+ 1-0

[Event "Mistrzostwa Polski Juniorow do lat 16 - Chlopcy"]
[Site "Ustron – Jaszowiec"]
[Date "1899-12-30"]
[Round "2.1"]
[White "Gumularz, Szymon"]
[Black "Psyk, Radoslaw"]
[Result "1/2-1/2"]
[WhiteTitle "I++"]
[BlackTitle "k"]
[WhiteElo "2394"]
[BlackElo "2160"]

1. Nf3 d5 2. g3 c6 3. Bg2 Bg4 4. O-O Nd7 5. d3 e6 6. c4 Bd6 7. Nc3 Ne7 8. cxd5
exd5 9. e4 dxe4 10. Nxe4 Ne5 11. d4 Nxf3+ 12. Bxf3 Bxf3 13. Qxf3 O-O 14. Qb3 b6
15. Bg5 h6 16. Bxe7 Bxe7 17. Rfd1 Qd5 18. Qxd5 cxd5 19. Nc3 Rfd8 20. Rac1 Kf8
21. Kf1 Bf6 22. Ke2 Rac8 23. Kd3 Rc4 24. Ne2 Rdc8 25. Rc3 Ke7 26. b3 Rxc3+ 27.
Nxc3 Kd6 28. Rc1 Ke6 29. Re1+ Kd6 30. Rc1 Ke6 31. Rc2 a6 32. Re2+ Kd6 33. Rc2
Ke6 34. Re2+ Kd6 35. Rc2 Ke6 1/2-1/2

[Event "Mistrzostwa Polski Juniorow do lat 16 - Chlopcy"]
[Site "Ustron – Jaszowiec"]
[Date "1899-12-30"]
[Round "2.2"]
[White "Kozak, Antoni"]
[Black "Kosakowski, Jakub"]
[Result "1/2-1/2"]
[WhiteTitle "k"]
[BlackTitle "k+"]
[WhiteElo "2127"]
[BlackElo "2376"]

1. e4 c5 2. Nf3 Nc6 3. Bb5 d6 4. O-O Bd7 5. c3 Nf6 6. Re1 a6 7. Ba4 c4 8. Bc2 e5
9. a4 Be7 10. Na3 b5 11. d3 cxd3 12. Qxd3 h6 13. axb5 axb5 14. Qxb5 Nd4 15. Qd3
Nxc2 16. Nxc2 Rxa1 17. Nxa1 Qa8 18. Nc2 Bc6 19. Nd2 O-O 20. c4 Rb8 21. b4 Ba4
22. b5 Bxc2 23. Qxc2 Bd8 24. Nf1 Rc8 25. Qd3 Qa4 26. Qxd6 Qxc4 27. Qxe5 Ba5 28.
Bd2 Bxd2 29. Nxd2 Qb4 30. Nf3 Re8 31. Qd4 Qxb5 32. g3 Nxe4 33. Rxe4 Qb1+ 34. Re1
Rxe1+ 35. Nxe1 Qxe1+ 36. Kg2 Qe6 37. h4 Qc6+ 38. Kf1 Qf3 39. Ke1 Kh7 40. Kd2 g6
41. Qe3 1/2-1/2

[Event "Mistrzostwa Polski Juniorow do lat 16 - Chlopcy"]
[Site "Ustron – Jaszowiec"]
[Date "1899-12-30"]
[Round "2.3"]
[White "Pacan-milej, Kosma"]
[Black "Raczynski, Krzysztof"]
[Result "1-0"]
[WhiteTitle "FM"]
[BlackTitle "k"]
[WhiteElo "2303"]
[BlackElo "2116"]

1. d4 Nf6 2. c4 g6 3. f3 Bg7 4. e4 d6 5. Be3 O-O 6. Ne2 c5 7. Qd2 Nc6 8. d5 Ne5
9. Nec3 e6 10. Be2 exd5 11. cxd5 a6 12. a4 Bd7 13. O-O Ne8 14. Na3 f5 15. exf5
gxf5 16. h3 Ng6 17. f4 Rb8 18. Bd3 Qf6 19. a5 Nc7 20. Nc4 Nb5 21. Ne2 Qf7 22.
Bc2 Rbe8 23. Bf2 Rxe2 24. Qxe2 Nxf4 25. Qf3 Nxd5 26. Bb3 Be6 27. Rae1 Ndc7 28.
Nd2 Nd4 29. Bxd4 Bxd4+ 30. Kh1 d5 31. Qg3+ Kh8 32. Nf3 Bxb2 33. Qd6 c4 34. Ng5
Qg7 35. Nxe6 Nxe6 36. Rxe6 cxb3 37. Qxd5 Bc3 38. Qxb3 Bxa5 39. Qd5 Bc7 40. Re3
b6 41. Ra3 a5 42. Rxf5 Bd6 43. Rxf8+ Qxf8 44. Rf3 Qe7 45. Rf1 Kg7 46. Qh5 Qe6
47. Rb1 Bc5 48. Rd1 h6 49. Qh4 Be7 50. Qg3+ Kf7 51. Re1 Qd6 52. Rf1+ Ke8 53. Qg8+
Kd7 54. Rc1 Bd8 55. Qg4+ Ke8 56. Rd1 Qc7 57. Qg6+ Kf8 58. Rf1+ 1-0

[Event "Mistrzostwa Polski Juniorow do lat 16 - Chlopcy"]
[Site "Ustron – Jaszowiec"]
[Date "1899-12-30"]
[Round "2.4"]
[White "Kokoszczynski, Jan"]
[Black "Pultorak, Jan"]
[Result "1/2-1/2"]
[WhiteTitle "k"]
[BlackTitle "FM"]
[WhiteElo "2072"]
[BlackElo "2302"]

1. d4 Nf6 2. c4 e6 3. Nf3 b6 4. g3 Ba6 5. b3 Bb4+ 6. Bd2 Be7 7. Nc3 O-O 8. e4 d5
9. cxd5 Bxf1 10. Kxf1 exd5 11. e5 Ne4 12. Kg2 c5 13. Qe2 Nxd2 14. Qxd2 Nc6 15.
Rhd1 cxd4 16. Nxd4 Nxe5 17. f4 Ng6 18. Nc6 Qc7 19. Nxe7+ Nxe7 20. Nxd5 Nxd5 21.
Qxd5 Rad8 22. Qc4 Qb7+ 23. Kf2 Rc8 24. Qd3 Qc6 25. Rd2 Rfe8 26. Rad1 h6 27. Qd5
Qc3 28. Qd4 Qc6 29. Qd5 Qg6 30. Re1 Rxe1 31. Kxe1 Qb1+ 32. Kf2 Re8 33. Kg2 Qe1
34. Rf2 Rc8 35. Qd3 Rc3 36. Qe2 Qxe2 37. Rxe2 f5 38. Kf2 Kf7 39. Kg2 Kf6 40. Kf2
a5 41. Ke1 g5 42. Rd2 Ke6 43. Kf2 gxf4 44. gxf4 b5 45. Re2+ Kd6 46. Re5 Rc5 47.
Re2 a4 48. bxa4 bxa4 49. Rd2+ Rd5 50. Ke3 Rxd2 51. Kxd2 Kd5 52. Kd3 h5 53. a3
Ke4+ 54. Kxe4 1/2-1/2